000 00432nam a2200097Ia 4500
008 180130s9999 xx 000 0 und d
245 _cDudley, Nigel; MacKinnon, Kathy; Stolton, Sue
_aReducing vulnerability: the role of protected areas in mitigating natural disasters
260 _c2013
300 _aBook title: The role of ecosystems in disaster risk reduction--Acession number C17927; pages 371-388
650 _aECOSYSTEM MANAGEMENT
999 _c354559
_d354559